La maldita guerra de España (Record no. 168676)

MARC details
000 -LEADER
campo de control de longitud fija 00791nam a22002295i 4500
001 - NÚMERO DE CONTROL
campo de control 168676
003 - IDENTIFICADOR DE NÚMERO DE CONTROL
campo de control ES-MaACL
005 - FECHA Y HORA DE LA ÚLTIMA TRANSACCIÓN
campo de control 20240229062729.0
008 - DATOS DE LONGITUD FIJA--INFORMACIÓN GENERAL
campo de control de longitud fija 080505s2006 sp |||| | spa d
020 ## - NÚMERO INTERNACIONAL ESTÁNDAR DEL LIBRO
Número Internacional Estándar del Libro 978-84-8432-728-8
080 ## - NÚMERO DE LA CLASIFICACIÓN DECIMAL UNIVERSAL
Número de la Clasificación Decimal Universal 946"1808/14"
100 1# - ENTRADA PRINCIPAL--NOMBRE DE PERSONA
Nombre de persona Fraser, Ronald.
9 (RLIN) 52381
245 13 - MENCIÓN DEL TÍTULO
Título La maldita guerra de España
Resto del título : historia social de la guerra de la Independencia, 1808-1814 /
Mención de responsabilidad, etc. Ronald Fraser ; traducción castellana de Silvia Furió.
260 ## - PUBLICACIÓN, DISTRIBUCIÓN, ETC.
Lugar de publicación, distribución, etc. Barcelona :
Nombre del editor, distribuidor, etc. Crítica,
Fecha de publicación, distribución, etc. [2006]
300 ## - DESCRIPCIÓN FÍSICA
Extensión 932 p. ;
Dimensiones 24 cm.
490 1# - MENCIÓN DE SERIE
Mención de serie Serie mayor
651 #4 - PUNTO DE ACCESO ADICIONAL DE MATERIA--NOMBRE GEOGRÁFICO
Nombre geográfico España-
Subdivisión general Historia-
Subdivisión cronológica 1808-1814, Guerra de la Independencia
9 (RLIN) 8244
700 1# - ENTRADA AGREGADA--NOMBRE PERSONAL
Nombre de persona Furió, Silvia.
9 (RLIN) 53039
830 0# - PUNTO DE ACCESO ADICIONAL DE SERIE-TÍTULO UNIFORME
Título uniforme Serie mayor
9 (RLIN) 177793
852 ## - LOCALIZACIÓN
Ubicación ES-MaACL
Número de control de estantería L-29420
itemnumber R.142495
Holdings
Estatus retirado Estado de pérdida Estado de daño No para préstamo Biblioteca de origen Biblioteca actual Ubicación en estantería Fecha de adquisición Fuente de adquisición Total de préstamos Signatura topográfica completa Código de barras Visto por última vez Precio de reemplazo Tipo de ítem Koha
        Biblioteca del Ateneo de Madrid Biblioteca del Ateneo de Madrid Depósito 2 05/05/2008     L-29420 1177011 23/02/2023 23/02/2023 Libro impreso